Pao Pao /

সংরক্ষণ করুন:
গ্রন্থ-পঞ্জীর বিবরন
প্রধান লেখক: Tondelli, Pier Vittorio (লেখক)
বিন্যাস: গ্রন্থ
ভাষা:ইতালিয়
প্রকাশিত: Milano : Feltrinelli, 1989
মালা:Universale economica ; 1072
ট্যাগগুলো: ট্যাগ যুক্ত করুন
কোনো ট্যাগ নেই, প্রথমজন হিসাবে ট্যাগ করুন!

MARC

LEADER 00000nam a22000007i 4500
001 IT\ICCU\CFI\0190027
003 ItRI
005 20260115231858.0
008 920510s1989 it |||||| ||||| |||||c
020 |a 8807810727 (10. ed. 2005) 
020 |a 9788807810725 
020 |a 9788807880537 (12. ed. 2013) 
040 |b ita  |c importazione bologna sebina 
041 7 |a ita  |2 ISO-639-2 
082 |a 853.914  |9 NARRATIVA ITALIANA. 1945-  |2 12 
100 1 |a Tondelli, Pier Vittorio  |0 IT\ICCU\CFIV\016813  |4 aut 
240 1 0 |a Pao Pao  |3 IT\ICCU\BVE\0667215  |9 Tondelli, Pier Vittorio 
245 1 0 |a Pao Pao /  |c Pier Vittorio Tondelli. 
260 |a Milano :  |b Feltrinelli,  |c 1989 
300 |a 185 p. ;  |c 18 cm 
830 0 |a Universale economica ;  |v 1072  |0 IT\ICCU\CFI\0001103 
942 |2 ddc  |c BK  |n 0 
952 |0 0  |1 0  |4 0  |6 DOC_853_914000000000000_TON  |7 0  |9 15069  |a BO  |b BO  |d 2026-01-15  |i 8102  |l 0  |o DOC 853.914 TON  |p BO8102  |r 2026-01-15 23:18:58  |w 2026-01-15  |x [Sebina 5] [1 v.]  |y BK  |z 1 v. (7. ed., ma rist.) 
999 |c 12966  |d 12966